College Quizbowl Stats
College Quizbowl Stats
Circuits
Seasons
Sets
Records
Detailed Stats
About
Loading...
2024 ACF Fall at Cornell
Tossups
Bonuses
Players
Teams
Categories (Tossup)
Categories (Bonus)
Nora Mahoney
N/A
Categories
Category
Powers
Gets
Negs
BBs
Points
Earliest Buzz
Avg. Buzz
First Buzzes
Top 3 Buzzes
BPA
PVF
Current Events
0
1
0
1
10
108
108.00
0
0
0.00
0.00
History - European
0
1
0
1
10
115
115.00
0
0
0.00
0.00
Science - Biology
0
1
0
0
10
47
47.00
0
1
0.00
0.00
Science - Chemistry
0
0
1
0
-5
0.00
0
0
0.00
0.00
Buzzes
Category
Answer
Value
Buzz Position
Science - Biology
dopamine
10
47
Science - Chemistry
polymers
-5
53
Current Events
environmentalism
10
108
History - European
Peter
10
115
Previous
1
Next